MARC

Tag First Indicator Second Indicator Subfields
LEADER 00000cam a22000008a 4500
001 in00001087321
005 20150929161220.0
008 911122s1992 enk b 001 0 eng
010 |a  91039708  
020 |a 0719029805 (hardback) 
035 |a (OCoLC)25050320 
035 |9 AFQ7914AM 
040 |a DLC  |c DLC  |d RRR  |d TXA  |d UtOrBLW 
043 |a e-uk---  |a n-us--- 
049 |a TXAM 
050 0 0 |a PR788.W65  |b S7 1992 
082 0 0 |a 820.9/49272  |2 20 
100 1 |a Stanley, Liz,  |d 1947- 
245 1 4 |a The auto/biographical I :  |b the theory and practice of feminist auto/biography /  |c Liz Stanley. 
263 |a 9207 
264 1 |a Manchester ;  |a New York :  |b Manchester University Press ;  |c [1992] 
264 2 |a New York, NY, USA :  |b Distributed exclusively in the USA and Canada by St. Martin's Press, 
264 4 |c ©1992 
300 |a 289 pages :  |b illustrations ;  |c 23 cm. 
336 |a text  |b txt  |2 rdacontent 
337 |a unmediated  |b n  |2 rdamedia 
338 |a volume  |b nc  |2 rdacarrier 
504 |a Includes bibliographical references and indexes. 
650 0 |a English prose literature  |x Women authors  |x History and criticism  |x Theory, etc. 
650 0 |a American prose literature  |x Women authors  |x History and criticism  |x Theory, etc. 
650 0 |a Feminists  |z Great Britain  |v Biography  |x History and criticism. 
650 0 |a Feminists  |z United States  |v Biography  |x History and criticism. 
650 0 |a Women  |z Great Britain  |v Biography  |x History and criticism. 
650 0 |a Women  |z United States  |v Biography  |x History and criticism. 
650 0 |a Autobiography  |x Women authors. 
650 0 |a Feminism  |x Historiography. 
740 0 |a Autobiographical I. 
999 |a MARS 
999 f f |s 5c8759de-5bc5-37d0-84f2-6a73d4f3dc4f  |i 085c27e6-65e1-3a47-9efa-03795de71c79  |t 0 
952 f f |p normal  |a Texas A&M University  |b College Station  |c Sterling C. Evans Library  |d Evans: Library Stacks  |t 0  |e PR788.W65 S7 1992  |h Library of Congress classification  |i unmediated -- volume  |m A14816214363 
998 f f |a PR788.W65 S7 1992  |t 0  |l Evans: Library Stacks